|
|
|
|
| LEADER |
00000nam0a2200000 4500 |
| 001 |
33575 |
| 005 |
20231101210156.0 |
| 035 |
|
|
|a (RuTPU)RU\TPU\book\33925
|
| 035 |
|
|
|a BOOK00000576
|
| 090 |
|
|
|a 33575
|
| 100 |
|
|
|a 20011210d1977 m y0rusy50 ca
|
| 101 |
0 |
|
|a rus
|
| 102 |
|
|
|a RU
|
| 105 |
|
|
|a a z 000zy
|
| 200 |
1 |
|
|a Электрические аппараты высокого напряжения
|e Атлас конструкций
|f В. В. Афанасьев, Н. М. Адоньев, Л. Н. Карпенко
|
| 210 |
|
|
|a Ленинград
|c Энергия
|d 1977
|
| 215 |
|
|
|a 184 с.
|
| 606 |
|
|
|a Электрические аппараты и приборы, высоковольтные
|2 stltpush
|3 (RuTPU)RU\TPU\subj\26919
|9 50750
|
| 610 |
1 |
|
|a высокие напряжения
|
| 610 |
1 |
|
|a формулы
|
| 610 |
1 |
|
|a чертежи
|
| 610 |
1 |
|
|a атласы
|
| 675 |
|
|
|a 621.31.027.3(084)
|v 3
|
| 700 |
|
1 |
|a Афанасьев
|b В. В.
|g Василий Владимирович
|
| 701 |
|
1 |
|a Адоньев
|b Н. М.
|g Николай Михайлович
|
| 701 |
|
1 |
|a Карпенко
|b Л. Н.
|g Леонид Николаевич
|
| 801 |
|
0 |
|a RU
|b 63413507
|c 20011210
|g PSBO
|
| 801 |
|
2 |
|a RU
|b 63413507
|c 20180222
|g PSBO
|
| 900 |
|
|
|a Электрические аппараты высокого напряжения
|
| 942 |
|
|
|c BK
|